Microsoft Office 2000 thông qua hình ảnh : Powerpoint

Gorde:
Xehetasun bibliografikoak
Egile nagusia: Elicom
Formatua: Liburua
Hizkuntza:Undetermined
Argitaratua: Hà Nội Thống Kê 1999
Gaiak:
Etiketak: Etiketa erantsi
Etiketarik gabe, Izan zaitez lehena erregistro honi etiketa jartzen!
Thư viện lưu trữ: Trung tâm Học liệu Trường Đại học Cần Thơ
LEADER 00532nam a2200181Ia 4500
001 CTU_36475
008 210402s9999 xx 000 0 und d
082 |a 005.3 
082 |b M626 
100 |a Elicom 
245 0 |a Microsoft Office 2000 thông qua hình ảnh : 
245 0 |b Powerpoint 
245 0 |c Elicom 
260 |a Hà Nội 
260 |b Thống Kê 
260 |c 1999 
650 |a Office ( computer programs ),Powerpoint ( computer program language ) 
980 |a Trung tâm Học liệu Trường Đại học Cần Thơ